Statistiques concernant Pays et sportifs

Cliquez ici pour prendre le quiz!

Statistiques générales

  • Ce quiz a été pris 516 fois
  • Le résultat moyen est 23 sur 30

Statistiques - réponses

SportifPays% Correct
Rafael NadalEspagne
99%
Tony ParkerFrance
99%
NeymarBrésil
99%
Usain BoltJamaïque
98%
Diego MaradonaArgentine
98%
Roger FedererSuisse
97%
Tiger WoodsEtats-Unis
97%
Maria SharapovaRussie
97%
Michael SchumacherAllemagne
97%
Mario BalotelliItalie
96%
Björn BorgSuède
95%
Wu MinxiaChine
94%
Eden HazardBelgique
94%
Lewis HamiltonRoyaume-Uni
90%
Oscar PistoriusAfrique du Sud
87%
Samuel Eto'oCameroun
84%
Marcel HirscherAutriche
84%
Hicham El GuerroujMaroc
79%
Sergueï BubkaUkraine
78%
Dan CarterNouvelle-Zélande
76%
Yeóryios OrfanídisGrèce
71%
Alexander Dale OenNorvège
71%
Peter SaganSlovaquie
69%
Fränk SchleckLuxembourg
64%
Irena SzewińskaPologne
60%
Wilson KiprotichKenya
44%
Hassan YazdaniIran
39%
Elvan AbeylegesseTurquie
35%
Félix SavónCuba
28%
Keshorn WalcottTrinité-et-Tobago
6%

Distribution des résultats

Percentile par nombre de réponses

% des personnes avec chaque résultat

Votre développement - résultats

Vous n’avez pas pris ce quiz